000
00290 a2200109 4500
001
50702
040
_c
Anchieta - Pituba
240
1
0
_a
O Esqueleto Humano em 3D
_l
245
1
0
_a
O Esqueleto Humano em 3D
650
4
_a
Obras enciclopĂ©dicas gerais de lĂnguas espanhola e portuguesa
942
_c
MU
999
_c
50702
_d
50702